<?xml version="1.0" encoding="UTF-8"?>
<record
    xmlns:xsi="http://www.w3.org/2001/XMLSchema-instance"
    xsi:schemaLocation="http://www.loc.gov/MARC21/slim http://www.loc.gov/standards/marcxml/schema/MARC21slim.xsd"
    xmlns="http://www.loc.gov/MARC21/slim">

  <leader>00951nam a22002417a 4500</leader>
  <datafield tag="999" ind1=" " ind2=" ">
    <subfield code="c">137671</subfield>
    <subfield code="d">137671</subfield>
  </datafield>
  <controlfield tag="005">20230703165016.0</controlfield>
  <datafield tag="010" ind1=" " ind2=" ">
    <subfield code="a">1718EN-30   ENG-117281  B-687097-98  ENG-137244</subfield>
  </datafield>
  <datafield tag="020" ind1=" " ind2=" ">
    <subfield code="a">9789385985690</subfield>
    <subfield code="c">945.00</subfield>
  </datafield>
  <datafield tag="035" ind1=" " ind2=" ">
    <subfield code="a">EN-100813  EN-120776</subfield>
  </datafield>
  <datafield tag="035" ind1=" " ind2=" ">
    <subfield code="a">B-687097-98</subfield>
  </datafield>
  <datafield tag="037" ind1=" " ind2=" ">
    <subfield code="b">TBI</subfield>
  </datafield>
  <datafield tag="037" ind1=" " ind2=" ">
    <subfield code="b"> DBAD/PUB</subfield>
  </datafield>
  <datafield tag="082" ind1="0" ind2="0">
    <subfield code="a">303.48257054</subfield>
  </datafield>
  <datafield tag="245" ind1="1" ind2="0">
    <subfield code="a">China and India:</subfield>
    <subfield code="c">Edited by Paramita Mukerjee,Arnab K. Ded [and]Miao Pang</subfield>
    <subfield code="b">history,culture,cooperation and competition /</subfield>
  </datafield>
  <datafield tag="260" ind1=" " ind2=" ">
    <subfield code="a">New Delhi</subfield>
    <subfield code="b">SAGE Publications</subfield>
    <subfield code="c">2016</subfield>
  </datafield>
  <datafield tag="270" ind1=" " ind2=" ">
    <subfield code="a">B1/I-1 Mohan Cooperative Industrial Area, Mathura Road</subfield>
    <subfield code="b">New Delhi</subfield>
    <subfield code="e">110044</subfield>
  </datafield>
  <datafield tag="300" ind1=" " ind2=" ">
    <subfield code="a">xxvi,232p.</subfield>
    <subfield code="c">22cm(Hb)</subfield>
  </datafield>
  <datafield tag="500" ind1=" " ind2=" ">
    <subfield code="a">Includes index</subfield>
  </datafield>
  <datafield tag="710" ind1=" " ind2=" ">
    <subfield code="a"> Ded, Arnab K. ed.</subfield>
  </datafield>
  <datafield tag="710" ind1=" " ind2=" ">
    <subfield code="a"> Pang, Miao ed.</subfield>
  </datafield>
  <datafield tag="942" ind1=" " ind2=" ">
    <subfield code="2">ddc</subfield>
    <subfield code="c">EN</subfield>
    <subfield code="h">303.48257054</subfield>
    <subfield code="m">CHI</subfield>
  </datafield>
  <datafield tag="952" ind1=" " ind2=" ">
    <subfield code="0">0</subfield>
    <subfield code="1">0</subfield>
    <subfield code="4">0</subfield>
    <subfield code="7">1</subfield>
    <subfield code="8">NFIC</subfield>
    <subfield code="a">DBAD</subfield>
    <subfield code="b">BN</subfield>
    <subfield code="d">2017-02-16</subfield>
    <subfield code="e">DBAD/PUB</subfield>
    <subfield code="g">945.00</subfield>
    <subfield code="l">0</subfield>
    <subfield code="o">303.48257054 CHI</subfield>
    <subfield code="p">EN-100813</subfield>
    <subfield code="r">2017-02-16 00:00:00</subfield>
    <subfield code="t">1</subfield>
    <subfield code="v">945.00</subfield>
    <subfield code="y">EN</subfield>
  </datafield>
  <datafield tag="952" ind1=" " ind2=" ">
    <subfield code="0">0</subfield>
    <subfield code="1">0</subfield>
    <subfield code="4">0</subfield>
    <subfield code="7">0</subfield>
    <subfield code="8">NFIC</subfield>
    <subfield code="a">L</subfield>
    <subfield code="b">L</subfield>
    <subfield code="d">2018-06-21</subfield>
    <subfield code="e">TZ-18718/30.11.2017/686/20.11.2017/06.01.2018</subfield>
    <subfield code="g">945.00</subfield>
    <subfield code="l">3</subfield>
    <subfield code="m">3</subfield>
    <subfield code="o">303.48257054 CHI</subfield>
    <subfield code="p">B-687097</subfield>
    <subfield code="r">2025-03-01 00:00:00</subfield>
    <subfield code="s">2025-01-17</subfield>
    <subfield code="t">1</subfield>
    <subfield code="v">945.00</subfield>
    <subfield code="y">EN</subfield>
  </datafield>
  <datafield tag="952" ind1=" " ind2=" ">
    <subfield code="0">0</subfield>
    <subfield code="1">0</subfield>
    <subfield code="4">0</subfield>
    <subfield code="7">0</subfield>
    <subfield code="8">NFIC</subfield>
    <subfield code="a">AV</subfield>
    <subfield code="b">AV</subfield>
    <subfield code="d">2018-06-21</subfield>
    <subfield code="e">TZ-18718/30.11.2017/686/20.11.2017/06.01.2018</subfield>
    <subfield code="g">945.00</subfield>
    <subfield code="l">0</subfield>
    <subfield code="o">303.48257054 CHI</subfield>
    <subfield code="p">B-687098</subfield>
    <subfield code="r">2018-06-21 00:00:00</subfield>
    <subfield code="t">1</subfield>
    <subfield code="v">945.00</subfield>
    <subfield code="y">EN</subfield>
  </datafield>
  <datafield tag="952" ind1=" " ind2=" ">
    <subfield code="0">0</subfield>
    <subfield code="1">0</subfield>
    <subfield code="4">0</subfield>
    <subfield code="7">0</subfield>
    <subfield code="8">NFIC</subfield>
    <subfield code="a">BN</subfield>
    <subfield code="b">BN</subfield>
    <subfield code="d">2023-07-03</subfield>
    <subfield code="e">DBAD/PUB</subfield>
    <subfield code="g">945.00</subfield>
    <subfield code="l">0</subfield>
    <subfield code="o">303.48257054 CHI</subfield>
    <subfield code="p">EN-120776</subfield>
    <subfield code="r">2023-07-03 00:00:00</subfield>
    <subfield code="t">1</subfield>
    <subfield code="v">945.00</subfield>
    <subfield code="y">EN</subfield>
  </datafield>
</record>
